Deceased Musicians #2 - Statistics

General Stats
  • This quiz has been taken 109 times
  • The average score is 4 of 10
Answer Stats
Death Song Singer % Correct
2017 Johnnie B. Goode Chuck Berry
82%
1971 Light My Fire Jim Morrison
74%
2001 My Sweet Lord George Harrison
69%
1970 Me and Bobby McGee Janis Joplin
59%
2004 Super Freak Rick James
48%
2002 No Scrubs Lisa Lopes
47%
2015 This Will Be Natalie Cole
10%
2014 Burning Heart Jimmy Jamison
1%
2016 Born to Hand Jive Leonie Baker
1%
2011 Slippin' n' Trippin' Victor Bailey
1%
No matching quizzes found
Score Distribution
Percent of People with Each Score
Percentile by Number Answered
Your Score History
You have not taken this quiz